Vegetable production and marketing. (Record no. 23794)

MARC details
000 -LEADER
fixed length control field 00362nam a2200145Ia 4500
082 ## - DEWEY DECIMAL CLASSIFICATION NUMBER
Classification number 635.1/.8
Item number WOR
100 ## - MAIN ENTRY--AUTHOR NAME
Personal name CAREW, John
245 #0 - TITLE STATEMENT
Title Vegetable production and marketing.
250 ## - EDITION STATEMENT
Edition statement 2
260 ## - PUBLICATION, DISTRIBUTION, ETC. (IMPRINT)
Place of publication Delhi
Name of publisher Wiley Eastern
Year of publication 1970
650 ## - SUBJECT ADDED ENTRY--TOPICAL TERM
Topical Term Vegetable marketing
700 ## - ADDED ENTRY--PERSONAL NAME
Personal name WORK, Paul
942 ## - ADDED ENTRY ELEMENTS (KOHA)
Koha item type Books
Holdings
Withdrawn status Lost status Damaged status Not for loan Home library Current library Date acquired Full call number Accession Number Koha item type
        RRII Library RRII Library 16/12/2021 635.1/.8 WOR 04489 Books